<?xml version="1.0" encoding="UTF-8"?>
<record
    xmlns:xsi="http://www.w3.org/2001/XMLSchema-instance"
    xsi:schemaLocation="http://www.loc.gov/MARC21/slim http://www.loc.gov/standards/marcxml/schema/MARC21slim.xsd"
    xmlns="http://www.loc.gov/MARC21/slim">

  <leader>00389nam a22001457a 4500</leader>
  <controlfield tag="005">20251111162216.0</controlfield>
  <controlfield tag="008">251111b        |||||||| |||| 00| 0 eng d</controlfield>
  <datafield tag="020" ind1=" " ind2=" ">
    <subfield code="a">9780787960759</subfield>
  </datafield>
  <datafield tag="082" ind1=" " ind2=" ">
    <subfield code="a">658.4022  LEN;</subfield>
  </datafield>
  <datafield tag="100" ind1=" " ind2=" ">
    <subfield code="a">Lencioni, Patrick.</subfield>
  </datafield>
  <datafield tag="245" ind1=" " ind2=" ">
    <subfield code="a">The five dysfunctions of a team : a leadership fable</subfield>
  </datafield>
  <datafield tag="260" ind1=" " ind2=" ">
    <subfield code="a">New Jersey</subfield>
    <subfield code="b">Wiley</subfield>
    <subfield code="c">2002</subfield>
  </datafield>
  <datafield tag="300" ind1=" " ind2=" ">
    <subfield code="a">xiii, 228</subfield>
  </datafield>
  <datafield tag="942" ind1=" " ind2=" ">
    <subfield code="c">AR</subfield>
  </datafield>
  <datafield tag="999" ind1=" " ind2=" ">
    <subfield code="c">301144</subfield>
    <subfield code="d">301144</subfield>
  </datafield>
  <datafield tag="952" ind1=" " ind2=" ">
    <subfield code="r">2025-11-11 16:23:31</subfield>
    <subfield code="l">0</subfield>
    <subfield code="o">658.4022  LEN;1  R</subfield>
    <subfield code="p">AR1742</subfield>
    <subfield code="t">1</subfield>
    <subfield code="v">1670.08</subfield>
    <subfield code="w">2025-11-11</subfield>
    <subfield code="y">AR</subfield>
    <subfield code="1">0</subfield>
    <subfield code="2">ddc</subfield>
    <subfield code="4">0</subfield>
    <subfield code="7">0</subfield>
    <subfield code="8">CL</subfield>
    <subfield code="0">0</subfield>
    <subfield code="K">KLBH/IN/891/2025-26</subfield>
    <subfield code="L">26/10/2025</subfield>
    <subfield code="a">ML</subfield>
    <subfield code="b">ML</subfield>
    <subfield code="c">CL</subfield>
    <subfield code="d">2025-11-11</subfield>
    <subfield code="e">KL Book House</subfield>
    <subfield code="g">2403.00</subfield>
    <subfield code="E">Master Design</subfield>
    <subfield code="G">&#x20B9;</subfield>
    <subfield code="F">1</subfield>
    <subfield code="V">30.50</subfield>
    <subfield code="U">%</subfield>
  </datafield>
</record>
